000 00907nam a2200301Ia 4500
001 Z_863
003 CHAP
008 220113s1982 xx 000 0 und d
010 _a163526
020 _a968- 81524-6
040 _cCHAP
082 _a338.176 E26
245 _aEconomía zootécnica /
_cErnesto Bachtold Gómez...[et al]
260 _aMéxico :
_bLimusa,
_c1982
300 _a589 p.
503 _aej.1: - ej.4: ? , ej.5: Donado por la ProfaMaldonado Simán, Ema
650 _aGanadería
_xAspectos económicos
_xMéxico
_944636
650 _aMéxico
_xAgricultura
_xHistoria
_9137687
700 _a II. Alonso Pesado, Francisco Alejandro, coaut.
_9137688
700 _a III. Aguilar Valdés, Alfredo, coaut.
_9137689
700 _aI. Bachtold Gómez, Ernesto, aut.
_9137690
901 _a338.176 E26
902 _aM
910 _a1982
942 _c1
942 _cc1
999 _c163526
_d163526